Werenoi-Termine les paroles - Statistiques

Statistiques générales
  • Ce quiz a été pris 304 fois
  • Le résultat moyen est 3 sur 15
Statistiques - réponses
Hint Réponse % Correct
Facile de s'faire 15 amis en un an Dur de garder un ami pendant 15 ans
77%
Tu sais pas c'qui sort de sa bouche Mais t'es prêt à boire dans son verre
52%
C'est la R.U.E qui m'a rendu méchant Il bédave trop il est devenu touché
33%
Même si c'est des fruits pourris J'peux couper la poire en deux
31%
C'est soit la mosquée ou l'hôtel Mais t'as choisi Iblis comme modèle
27%
Tu pensais que j'étais gale-Sén mais j'suis du Camer' Pour un billet jaune tu fais le petit canard
18%
On n'est pas innocent tu le sais on a ca dans le sang Le meilleur c'est pas celui qui nage c'est celui qui brasse
17%
Quand t'es gentil ils font les chiens Quand t'es méchant ils deviennent des caniches
14%
Mais j'suis plus proche de l'enfer que du paradis comme un Zippo Anciens amis devenus ennemis c'est des hypo'
11%
Quatre raclis dans quatre anneaux c'est carré J'n'ai pas le temps mais j'ai quatre montres
9%
Refais l'monde avec "Si j'étais" Pas encore de société mais t'es déjà propriétaire
9%
Beaucoup plus d'euros beaucoup de problèmes ils vont pas m'lever J'ai des ennemis derrière mon cul comme Simon Leviev
4%
J'ai investi dans l'héro mais la végétale fait plus de fric Végétale végétale j'khalass sans PayPal
4%
Le Fefe le Lambo j'prends les deux en même temps tous les week-ends GTA code illimité tu peux pas imiter
2%
Ca le paye en disque en sappe il se croit indispensable J'ai commencé le studio A-bis dans les abysses ca en dit long
2%
Aucun quiz correspondant
Distribution des résultats
% des personnes avec chaque résultat
Percentile par nombre de réponses
Votre historique - résultats
Vous n’avez pas pris ce quiz